000 00960nam a22002297a 4500
005 20251206112359.0
008 220903b ||||| |||| 00| 0 eng d
020 _a9789383166152
040 _cAL
041 _aeng
082 _223
_a820.12
_bKAMG
100 _aMartin Kampchen Ed
_9248125
245 _aGitanjali reborn
_b: William Radices writings on Rabindranath Tagore
260 _aNew Delhi
_bSocial Science Press
_c2017
300 _axii.236p
_bHB
_c22x15cm
365 _2English
_a3496
_b663.00
_c
_d850.00
_e22%
_f09-08-2022
520 _aReading books is a kind of enjoyment. Reading books is a good habit. We bring you a different kinds of books. You can carry this book where ever you want. It is easy to carry. It can be an ideal gift to yourself and to your loved ones. Care instruction keep away from fire.
650 _aRabindranath Tagore
_956482
650 _aGitanjali
_956483
700 _aKampchen Martin Ed
_956484
942 _2ddc
_cBK
999 _c224509
_d224509